Southville International School and Colleges
Your cart is empty.
  • Cart
  • Lists
    Public lists Eva Luna New books Lux_list list_1
    Your lists Log in to create your own lists
  • Log in to your account
  • Your cookies
  • Search history
Southville International School and Colleges
  • Advanced search
  • Recent comments
  • Most popular
  • Libraries

Log in to your account

Log in with GOOGLE


If you do not have an external account, but do have a local account, you can still log in:

  1. Home
  2. MARC view: Moon princess (The) /
Normal view MARC view ISBD view

Moon princess (The) / (Record no. 102233)

[ view plain ]
MARC details
000 -LEADER
fixed length control field 00712nam a2200193 a 4500
005 - DATE AND TIME OF LATEST TRANSACTION
control field 20140412111232.0
008 - FIXED-LENGTH DATA ELEMENTS--GENERAL INFORMATION
fixed length control field 001116s19uu xx 00 eng d
020 ## - INTERNATIONAL STANDARD BOOK NUMBER
International Standard Book Number 4-7700-1756-1
050 ## - LIBRARY OF CONGRESS CALL NUMBER
Classification number ER
Item number Mo77 1993
100 ## - MAIN ENTRY--PERSONAL NAME
Personal name McCarthy, Ralph F.
245 ## - TITLE STATEMENT
Title Moon princess (The) /
Statement of responsibility, etc retold by Ralph F. McCarthy ; illustrations by Kancho Oda.
260 ## - PUBLICATION, DISTRIBUTION, ETC. (IMPRINT)
Place of publication, distribution, etc Tokyo :
Name of publisher, distributor, etc Kodansha International,
Date of publication, distribution, etc 1993.
300 ## - PHYSICAL DESCRIPTION
Extent 47 p. ; ill.
440 ## - SERIES STATEMENT/ADDED ENTRY--TITLE
Title Kodansha Children's Classics
520 ## - SUMMARY, ETC.
Summary, etc A young girl raised in the humble home of a bamboo cutter grows up to be wise and renowned beauty but eventually she must return to her real home.
650 ## - SUBJECT ADDED ENTRY--TOPICAL TERM
Topical term or geographic name as entry element Stories in rhyme
650 ## - SUBJECT ADDED ENTRY--TOPICAL TERM
Topical term or geographic name as entry element Folklore
General subdivision Japan
Holdings
Withdrawn status Lost status Damaged status Use restrictions Home library Current library Shelving location Date acquired Source of acquisition Total Checkouts Full call number Barcode Date last seen Price effective from Koha item type
        Elizalde Library Elizalde Library Easy Reading Section 11/16/2000     ER Mo77 1993 E0955 04/12/2014 04/12/2014 Books

Moon princess (The) /

APA

McCarthy R. F., . (1993). Moon princess (The). Tokyo: Kodansha International.

Chicago

McCarthy Ralph F, . 1993. Moon princess (The). Tokyo: Kodansha International.

Harvard

McCarthy R. F., . (1993). Moon princess (The). Tokyo: Kodansha International.

MLA

McCarthy Ralph F, . Moon princess (The). Tokyo: Kodansha International. 1993.

  • Place hold
  • Print
  • Cite
  • Add to your cart (remove)
  • Save record
    BIBTEX Dublin Core MARCXML MARC (non-Unicode/MARC-8) MARC (Unicode/UTF-8) MARC (Unicode/UTF-8, Standard) MODS (XML) RIS
  • More searches
    Search for this title in:
    Other Libraries (WorldCat) Other Databases (Google Scholar) Online Stores (Bookfinder.com) Open Library (openlibrary.org)

Exporting to Dublin Core...

SOUTHVILLE LIBRARY

Southville International School and Colleges Library

1281 Tropical Ave. Cor. Luxembourg St., BF Homes International, Las Pinas City

Tel. No. 8256374 / 252358 Loc. 117/146

Powered by Koha